| 000 | 00645nam a2200229 a 4500 | ||
|---|---|---|---|
| 001 | 61598 | ||
| 003 | BD-RjUL | ||
| 005 | 20211209081000.0 | ||
| 008 | 170119s1946 vau 001 0 eng d | ||
| 035 | _a(BD-RjUL)61722 | ||
| 040 |
_aDLC _cOClU _dBD-RjUL _beng |
||
| 041 | _aeng | ||
| 082 |
_223 _a346.004 _bGLC 1946 |
||
| 100 | 1 |
_aGlenn, Garrard _9183520 |
|
| 245 | 0 | 0 |
_aCases and materials on equity / _cby Garrard Glenn, Kenneth Redden |
| 260 |
_aVirginia : _bThe Michie Company, _c1946. |
||
| 300 |
_aix, 905 p. ; _c24 cm. |
||
| 500 | _aIncludes index. | ||
| 650 | 0 |
_aEquity _9183521 |
|
| 700 | 1 |
_aRedden, Kenneth _9183522 |
|
| 942 |
_2ddc _cBK |
||
| 999 |
_c61598 _d61598 |
||